000 00536nam a2200181Ia 4500
008 100921s9999 xx 000 0 und d
082 _b703
_a891.463 थ 0
100 _aभावे पुरूषोत्तम भास्कर.
245 _aनौका.
260 _bवीणा प्रकाशन,नागपूर.
_c0
300 _a159
_b---
365 _b3.25
520 _aललित-कथा.
630 _aनौका.
650 _aललित-कथा.
730 _aनौका.
942 _cBOOK
999 _c749816
_d749813